Largest Cities by Population 2026 - Statistics

General Stats
  • This quiz has been taken 60 times
  • The average score is 32 of 50
Answer Stats
Country Answer Population % Correct
Japan Tokyo 36,953,600
100%
Egypt Cairo 23,534,600
95%
Mexico Mexico City 23,016,800
91%
Peru Lima 11,670,700
86%
Brazil Sao Paulo 23,160,700
86%
India Delhi 35,518,400
84%
China Shanghai 31,049,800
84%
Argentina Buenos Aires 15,890,600
82%
Turkey Istanbul 16,419,100
82%
India Mumbai 22,539,300
82%
France Paris 11,418,300
82%
United Kingdom London 9,927,020
80%
United States New York City 8,346,955
80%
China Beijing 22,983,400
77%
Indonesia Jakarta 11,840,000
77%
Nigeria Lagos 17,803,700
75%
Russia Moscow 12,756,500
75%
Brazil Rio de Janeiro 14,023,100
75%
Philippines Manila 15,531,900
73%
Thailand Bangkok 11,543,900
70%
Bangladesh Dhaka 25,359,100
70%
Japan Osaka 18,873,900
68%
South Korea Seoul 10,050,200
68%
Iran Tehran 9,840,100
68%
Colombia Bogota 11,992,100
66%
Iraq Baghdad 8,370,410
64%
China Guangzhou 15,147,900
64%
Pakistan Karachi 18,520,100
61%
DR Congo Kinshasa 18,552,800
61%
India Kolkata 16,151,400
61%
Malaysia Kuala Lumpur 9,175,810
59%
Vietnam Ho Chi Minh City 10,065,700
57%
Tanzania Dar es Salaam 8,976,930
50%
China Shenzhen 13,770,000
50%
India Bangalore 14,771,700
48%
China Chongqing 18,531,600
48%
India Hyderabad 11,608,400
48%
Pakistan Lahore 15,237,800
48%
Angola Luanda 10,421,300
48%
China Wuhan 9,121,840
48%
China Xian 9,409,700
48%
India Chennai 12,623,100
45%
China Chengdu 10,163,400
43%
China Hangzhou 8,749,670
43%
India Ahmedabad 9,272,670
41%
Japan Nagoya 9,511,730
41%
China Tianjin 14,933,500
41%
China Nanjing 10,380,200
39%
India Surat 8,820,660
32%
China Suzhou 8,802,000
20%
No matching quizzes found
Score Distribution
Percent of People with Each Score
Percentile by Number Answered
Your Score History
You have not taken this quiz